Подробности
| 000 -МАРКЕР |
| контрольное поле |
04860nam0a22004451 4500 |
| 001 - ИДЕНТИФИКАТОР ЗАПИСИ |
| контрольное поле |
v19\rc\1681046 |
| 005 - ИДЕНТИФИКАТОР ВЕРСИИ |
| контрольное поле |
20260406094314.0 |
| 035 ## - ДРУГИЕ СИСТЕМНЫЕ НОМЕРА |
| Идентификатор записи |
(NLR Aleph) 004786853 |
| 100 ## - ДАННЫЕ ОБЩЕЙ ОБРАБОТКИ |
| Данные общей обработки |
20061002d1895 |||y0rusy50 ca |
| 101 0# - ЯЗЫК РЕСУРСА |
| Язык текста, звукозаписи и т.д. |
русский |
| 102 ## - СТРАНА ПУБЛИКАЦИИ ИЛИ ПРОИЗВОДСТВА |
| Страна публикации |
Российская Федерация |
| 105 ## - ПОЛЕ КОДИРОВАННЫХ ДАННЫХ: ТЕКСТОВЫЕ МАТЕРИАЛЫ, МОНОГРАФИЧЕСКИЕ |
| Кодированные данные о монографическом текстовом документе |
a z ||||| |
| 200 1# - ЗАГЛАВИЕ И СВЕДЕНИЯ ОБ ОТВЕТСТВЕННОСТИ |
| Основное заглавие |
Памяти отца современной педагогии, Яна Амоса Коменского |
| Сведения, относящиеся к заглавию |
По поводу 302 годовщины его рождения |
| 210 ## - ПУБЛИКАЦИЯ, РАСПРОСТРАНЕНИЕ И ДР. |
| Место издания, распространения и т.д. |
Санкт-Петербург |
| Имя издателя, распространителя и т. д. |
Н.Г. Мартынов |
| Дата издания, распространения и т.д. |
1895 |
| 215 ## - ФИЗИЧЕСКАЯ ХАРАКТЕРИСТИКА |
| Специфическое обозначение материала и объем |
[7], 119 с. |
| Другие сведения о физической характеристике |
ил. |
| Размеры |
23 |
| 300 ## - ОБЩИЕ ПРИМЕЧАНИЯ |
| Текст примечания |
На тит. л. и обл.: № 2 |
| 327 1# - ПРИМЕЧАНИЯ О СОДЕРЖАНИИ |
| Текст примечания |
Содерж.: Отчет Отдела за 2 год деятельности / [Сообщ.] М.Ю. Поповского. Педагогические идеалы. Я.А. Коменского / [Соч.] П.Г. Мижуева. Великие педагоги после Коменского / [Соч.] Н.С. Карцова. "Амос Коменский": Стихотворение Аренса / В пер. Л.Н. Модзалевского. "Школа театр", VI драма Коменского в пер. его же. "О новейшей методе изучения языков" Коменского / [Соч.] Проф. А.Д. Вейсмана. [О сочинениях Я.А. Коменского и Виленской публичной библиотеке] |
| 464 #0 - АНАЛИТИЧЕСКИЙ УРОВЕНЬ |
| Встроенное поле |
2001#$aОтчет Отдела за второй год деятельности$eСообщ. М.Ю. Поповского |
| -- |
700#1$aПоповский$bМ.Ю.$gМатвей Юлианович |
| Заглавие |
Отчет Отдела за второй год деятельности |
| Автор |
Поповский, Матвей Юлианович |
| 464 #0 - АНАЛИТИЧЕСКИЙ УРОВЕНЬ |
| Встроенное поле |
2001#$aПедагогические идеалы. Я.А. Коменского$fСоч. П.Г. Мижуева |
| -- |
700#1$aМижуев$bП.Г.$f1861-1932$gПавел Григорьевич |
| Заглавие |
Педагогические идеалы. Я.А. Коменского |
| Автор |
Мижуев, Павел Григорьевич (1861-1932) |
| 464 #0 - АНАЛИТИЧЕСКИЙ УРОВЕНЬ |
| Встроенное поле |
2001#$aВеликие педагоги после Коменского$fСоч. Н.С. Карцова |
| -- |
700#1$3RU\NLR\AUTH\77125493$7ca$aКарцев$bН. С.$f1856-$gНиколай Сергеевич |
| Заглавие |
Великие педагоги после Коменского |
| Автор |
Карцев, Николай Сергеевич (1856-) |
| 464 #0 - АНАЛИТИЧЕСКИЙ УРОВЕНЬ |
| Встроенное поле |
2001#$aАмос Коменский$eСтихотворение Аренса$fВ пер. Л.Н. Модзалевского |
| -- |
700#1$aАренс |
| -- |
702#1$3RU\NLR\AUTH\77122123$7ca$aМодзалевский$bЛ. Н.$f1837-1896$gЛев Николаевич$4730 |
| Заглавие |
Амос Коменский |
| Автор |
Аренс |
| 464 #0 - АНАЛИТИЧЕСКИЙ УРОВЕНЬ |
| Встроенное поле |
2001#$aШкола театр$eVI драма Коменского в пер. его же |
| -- |
700#1$3RU\NLR\AUTH\7768663$7ca$aКоменский$bЯ. А.$f1592-1670$gЯн Амос |
| Заглавие |
Школа театр |
| Автор |
Коменский, Ян Амос (1592-1670) |
| 464 #0 - АНАЛИТИЧЕСКИЙ УРОВЕНЬ |
| Встроенное поле |
2001#$aО новейшей методе изучения языков Коменского$fСоч. Проф. А.Д. Вейсмана |
| -- |
700#1$3RU\NLR\AUTH\7761197$7ca$aВейсман$bА. Д.$f1834-1913$gАлександр Давидович |
| Заглавие |
О новейшей методе изучения языков Коменского |
| Автор |
Вейсман, Александр Давидович (1834-1913) |
| 464 #0 - АНАЛИТИЧЕСКИЙ УРОВЕНЬ |
| Встроенное поле |
2001#$aО сочинениях Я.А. Коменского и Виленской публичной библиотеке |
| -- |
71202$aВиленская публичная б-ка$3RU\NLR\AUTH\889968535 |
| Заглавие |
О сочинениях Я.А. Коменского и Виленской публичной библиотеке |
| 464 #0 - АНАЛИТИЧЕСКИЙ УРОВЕНЬ |
| Встроенное поле |
2001#$aСообщение Ф.В. Ржиги |
| -- |
700#1$3RU\NLR\AUTH\77125484$7ca$aРжига$bФ. В.$c1847-1928$gФедор Вячеславович |
| Заглавие |
Сообщение Ф.В. Ржиги |
| Автор |
Ржига, Федор Вячеславович (1847-1928) |
| 464 #0 - АНАЛИТИЧЕСКИЙ УРОВЕНЬ |
| Встроенное поле |
2001#$aО некоторых предшественниках и источниках Коменского$fМ.А. Холодняк |
| -- |
700#1$aХолодняк$bМ.А.$gМария Александровна |
| Заглавие |
О некоторых предшественниках и источниках Коменского |
| Автор |
Холодняк, Мария Александровна |
| 702 #1 - ИМЯ ЛИЦА - ВТОРИЧНАЯ ОТВЕТСТВЕННОСТЬ |
| Код отношения |
Прочие |
| Материалы, к которым относится поле |
rus |
| Графика поля |
Кириллица |
| Начальный элемент ввода |
Коменский |
| Часть имени, кроме начального элемента ввода |
Я. А. |
| Даты |
1592-1670 |
| Расширение инициалов личного имени |
Ян Амос |
| Идентификатор авторитетной/нормативной записи |
RU\NLR\AUTH\7768663 |
| Системный номер авторитетной/нормативной записи |
51591 |
| 801 #0 - ИСТОЧНИК ЗАПИСИ |
| Страна |
Российская Федерация |
| Организация |
NLR |
| Правила каталогизации |
psbo |
| 801 #0 - ИСТОЧНИК ЗАПИСИ |
| Страна |
Российская Федерация |
| Организация |
RuMoRGB |
| Источник данных |
psbo |
| 801 #1 - ИСТОЧНИК ЗАПИСИ |
| Страна |
Российская Федерация |
| Организация |
ProSoft-M |
| Источник данных |
rusmarc |
| 801 #2 - ИСТОЧНИК ЗАПИСИ |
| Страна |
Российская Федерация |
| Организация |
NLR |
| Дата составления |
20130709 |
| Источник данных |
rusmarc |
| 852 ## - МЕСТОНАХОЖДЕНИЕ И ШИФР ХРАНЕНИЯ |
| Идентификатор организации |
NLR |
| Шифр хранения (Call Number) |
18.202.5.292 |
| 852 ## - МЕСТОНАХОЖДЕНИЕ И ШИФР ХРАНЕНИЯ |
| Идентификатор организации |
NLR |
| Шифр хранения (Call Number) |
130/93 |
| 899 ## - ДАННЫЕ О МЕСТОНАХОЖДЕНИИ (устаревшее) |
| Местонахождение |
RuMoRGB |
| Шифр хранения |
C 54/254 |
| 899 ## - ДАННЫЕ О МЕСТОНАХОЖДЕНИИ (устаревшее) |
| Местонахождение |
RuMoRGB |
| Шифр хранения |
E 3/145 |
| 899 ## - ДАННЫЕ О МЕСТОНАХОЖДЕНИИ (устаревшее) |
| Местонахождение |
БАН |
| 899 ## - ДАННЫЕ О МЕСТОНАХОЖДЕНИИ (устаревшее) |
| Местонахождение |
НБ СПбГУ |
| 942 ## - ДОПОЛНИТЕЛЬНЫЕ ЭЛЕМЕНТЫ ЗАПИСИ (АБИС) |
| Тип экземпляра АБИС |
Книга |
| 980 ## - КОЛЛЕКЦИЯ |
| Название коллекции |
Национальная библиография |